Культуры народов Тропической Африки вчера и сегодня: взаимодействие культур и тенденции развития: учебное пособие

書誌詳細
第一著者: Львова Э. С. Элеонора Сергеевна
言語:ロシア語
出版事項: Москва, Логос, 1996
主題:
フォーマット: 図書
KOHA link:https://koha.lib.tpu.ru/cgi-bin/koha/opac-detail.pl?biblionumber=3508

MARC

LEADER 00000nam0a2200000 4500
001 3508
005 20231030174604.0
010 |a 5852352560 
035 |a (RuTPU)RU\TPU\book\3527 
035 |a BOOK00003535 
090 |a 3508 
100 |a 20011209d1996 m y0rusy50 ca 
101 0 |a rus 
102 |a RU 
105 |a y j 000zy 
200 1 |a Культуры народов Тропической Африки вчера и сегодня: взаимодействие культур и тенденции развития  |e учебное пособие  |f Э. С. Львова 
210 |a Москва  |c Логос  |d 1996 
215 |a 231 с. 
610 1 |a культура 
610 1 |a учебные пособия 
610 1 |a Тропическая Африка 
686 |a Ч11(4/8)я73  |v LBC/SL-A  |2 rubbk 
700 1 |a Львова  |b Э. С.  |g Элеонора Сергеевна 
801 0 |a RU  |b 63413507  |c 20011209  |g PSBO 
801 2 |a RU  |b 63413507  |c 20130115  |g PSBO 
942 |c BK